[Event "110th Anniversary Open 2020"]
[Site "Hilleroed"]
[Date "2020.02.15"]
[Round "9.11"]
[White "Kvendseth, Thyra"]
[Black "Lohia, Sohum"]
[Result "1-0"]
[WhiteElo "1889"]
[BlackElo "2025"]
[Annotator "NA"]
[PlyCount "67"]
[EventDate "2020.02.08"]
[EventType "swiss"]
[EventCountry "DEN"]
[SourceTitle "playchess.com"]
[Source "ChessBase"]
[SourceQuality "1"]
[TimeControl "40/5400+30:1800+30"]

{[%evp 8,54,0,-10,0,0,0,-38,-24,-35,-22,-43,-35,-68,-68,-51,-29,-24,-43,-97,21,9,154,135,196,212,324,361,343,385,351,393,817,32767,934,1143,900,415,420,32767,414,0,196,509,371,585,615,641,613]} 1. Nf3 {[%emt 0:00:00]} g6 {[%emt 0:00:00]} 2. g3 {[%emt 0:00:00]} Bg7 {[%emt 0:00:00]} 3. Bg2 {[%emt 0:00:00]} e5 {[%emt 0:00:00]} 4. d3 {[%emt 0:02:37]} Ne7 {[%emt 0:00:03]} 5. O-O {[%emt 0:00:54]} d5 {[%emt 0:00:27]} 6. e4 {[%emt 0:00:54]} O-O {[%emt 0:03:06]} 7. Nc3 {[%emt 0:01:35]} d4 {[%emt 0:03:26]} 8. Ne2 {[%emt 0:00:14]} c5 {[%emt 0:01:33] A07: Réti Opening: New York and Capablanca Systems.} 9. c3 {[%emt 0:05:54]} Nbc6 {[%emt 0:03:48]} 10. Nh4 {[%emt 0:10:38] [#]} dxc3 $146 {[%emt 0:12:00]} ({Predecessor:} 10... h6 11. f4 exf4 12. gxf4 Bg4 13. c4 f5 14. e5 g5 15. fxg5 hxg5 16. Bxg5 Bxe5 {½-½ (27) Grozdanic,V (2016)-Drmic,T (2142) Rabac 2003}) 11. bxc3 {[%emt 0:01:35]} Be6 {[%emt 0:04:30]} 12. Be3 {[%emt 0:03:35]} Qa5 {[%emt 0:12:27]} 13. f4 {[%emt 0:07:46]} Bg4 {[%emt 0:05:53]} (13... Rfd8 $17 14. f5 Bc4 {[%mdl 64] Pin}) 14. f5 {[%emt 0:04:54]} Bxe2 {[%emt 0:03:10]} (14... Bf6 $11) 15. Qxe2 {[%emt 0:00:07]} f6 {[%emt 0:03:37]} 16. fxg6 {[%emt 0:07:34]} hxg6 {[%emt 0:01:20]} (16... Nxg6 $142 17. Nf5 Rad8) 17. Bh3 {[%emt 0:05:22]} Nd8 {[%emt 0:05:40]} 18. Qg4 {[%emt 0:08:16]} g5 {[%emt 0:07:12] [#]} 19. Bxg5 $1 {[%emt 0:07:14]} fxg5 $2 {[%emt 0:00:21]} (19... Qxc3 20. Be3 Rf7) 20. Rxf8+ {[%emt 0:00:13]} Kxf8 {[%emt 0:01:43]} 21. Rf1+ {[%emt 0:00:19]} Kg8 {[%emt 0:00:16]} 22. Qxg5 {[%emt 0:06:11]} (22. Qd7 $142 Ndc6 23. Qe6+ Kh7 {[#]} 24. Qf7 $1 {[%mdl 512]}) 22... Qc7 {[%emt 0:04:45]} 23. Qh5 {[%emt 0:08:19]} Qc6 {[%emt 0:07:51]} 24. Qg5 $2 {[%emt 0:03:41]} (24. Bf5 $18 Bh6 25. Bg6 Nxg6 26. Nxg6) 24... Qc7 {[%emt 0:00:17] [#]} 25. Nf5 $1 {[%emt 0:02:39]} Nxf5 {[%emt 0:00:35]} 26. Bxf5 {[%emt 0:00:39]} Qd6 {[%emt 0:02:22] [#]} 27. Bg6 $1 {[%emt 0:00:16]} Qd7 $18 {[%emt 0:04:03]} 28. Qh4 {[%emt 0:02:44]} Bh8 {[%emt 0:02:48]} 29. Qh6 {[%emt 0:01:29]} Nc6 {[%emt 0:06:15]} 30. Bh7+ {[%emt 0:00:22]} Qxh7 {[%emt 0:00:34]} 31. Qe6+ {[%emt 0:00:04]} Kg7 {[%emt 0:00:53]} 32. Rf7+ {[%emt 0:00:05]} Kg8 {[%emt 0:00:06]} 33. Rxb7+ {[%emt 0:00:08]} Kf8 {[%emt 0:00:21]} 34. Rxh7 {[%emt 0:00:07]} 1-0